KIDS Tracklist (Mac Miller) - Statistics

General Stats
  • This quiz has been taken 34 times
  • The average score is 11 of 18
Answer Stats
Hint Answer % Correct
6 The Spins
93%
11 Knock Knock
89%
13 Kool Aid & Frozen Pizza
89%
4 Nikes on My Feet
86%
1 Kickin' Incredibly Dope Shit
82%
2 Outside
75%
8 (ft Chevy Woods) Paper Route
75%
15 Poppy
75%
5 Senior Skip Day
75%
17 Ayye
57%
7 Don't Mind If I Do
54%
3 Get Em Up
54%
16 Face In The Crowd
50%
14 All I Want Is You
39%
18 Back In The Day
36%
10 Ride Around
36%
9 Good Evening
32%
12 (ft DJ Bonics) Mad Flava, Heavy Flow (Interlude)
29%
No matching quizzes found
Score Distribution
Percent of People with Each Score
Percentile by Number Answered
Your Score History
You have not taken this quiz